[Event "19. Obert Int. Sant Marti 2017 - B"]
[Site "Barcelona ESP"]
[Date "2017.07.20"]
[Round "8.34"]
[White "Pereda Villalba, Julian"]
[Black "Julia Yebra, David"]
[Result "0-1"]
[WhiteElo "1719"]
[BlackElo "1840"]
[PlyCount "118"]
[EventDate "2017.07.13"]
[EventType "swiss"]
[EventRounds "9"]
[EventCountry "ESP"]
[SourceTitle "Ajedrez en Madrid"]
[Source "lmi"]
[SourceDate "2017.07.13"]
[SourceVersion "1"]
[SourceVersionDate "2019.06.21"]
[SourceQuality "1"]

1. d4 d6 2. Nf3 Nf6 3. g3 c6 4. Bg2 Nbd7 5. c3 e5 6. dxe5 dxe5 7. Nbd2 Be7 8.
Nc4 Qc7 9. Bg5 O-O 10. O-O b5 11. Bxf6 Bxf6 12. Ncd2 g6 13. Qc2 Nb6 14. Ne4 Bg7
15. Nc5 Qe7 16. Nb3 Bf5 17. e4 Be6 18. Nfd2 a5 19. Rad1 a4 20. Nc1 Rad8 21.
Rfe1 Bh6 22. b3 Rd7 23. Nf1 Rfd8 24. Rxd7 Qxd7 25. Ne2 Qd3 26. Qb1 Bg4 27. f3
Bxf3 28. Qxd3 Rxd3 29. Bxf3 Rxf3 30. Kg2 Rd3 31. Kf2 axb3 32. axb3 Nd7 33. c4
Rxb3 34. cxb5 cxb5 35. Nc1 Rc3 36. Na2 Ra3 37. Re2 Nc5 38. Nb4 Bf8 39. Nc6 f6
40. Nd2 b4 41. Nb1 Ra6 42. Nxb4 Rb6 43. Nd5 Rxb1 44. Nxf6+ Kg7 45. Nd5 Ne6 46.
h4 Bc5+ 47. Kg2 Bd4 48. Kh2 h6 49. Kg2 h5 50. Kh2 Nc5 51. Nc7 Rb2 52. Ne8+ Kf8
53. Rxb2 Bxb2 54. Nf6 Kf7 55. Nd5 Nxe4 56. Kg2 Nf6 57. Ne3 e4 58. Nc4 Bd4 59.
Nd6+ Ke6 0-1

[Event "19. Obert Int. Sant Marti 2017 - B"]
[Site "Barcelona ESP"]
[Date "2017.07.20"]
[Round "8.35"]
[White "Ramon Herraez, Alex"]
[Black "Cespedes, Sandra"]
[Result "1/2-1/2"]
[WhiteElo "1694"]
[BlackElo "1814"]
[PlyCount "118"]
[EventDate "2017.07.13"]
[EventType "swiss"]
[EventRounds "9"]
[EventCountry "ESP"]
[SourceTitle "Ajedrez en Madrid"]
[Source "lmi"]
[SourceDate "2017.07.13"]
[SourceVersion "1"]
[SourceVersionDate "2019.06.21"]
[SourceQuality "1"]

1. d4 d5 2. Nf3 Nf6 3. c4 c6 4. e3 Bg4 5. Be2 e6 6. O-O Nbd7 7. Nc3 dxc4 8.
Bxc4 Nb6 9. Be2 Bd6 10. Bd2 Bc7 11. Rc1 Qd6 12. g3 Bh3 13. Re1 h6 14. Bf1 Bg4
15. Bg2 Nc4 16. Qc2 Nxd2 17. Nxd2 Rc8 18. Qb3 Rb8 19. Nc4 Qe7 20. e4 O-O 21. d5
Nd7 22. Ne3 Bh5 23. dxe6 Qxe6 24. Qxe6 fxe6 25. Bh3 Rbe8 26. Ne2 Ne5 27. Nd4
Nd3 28. Nxe6 Nxe1 29. Nxc7 Nf3+ 30. Kg2 Rxe4 31. Ne6 Rf6 32. Nf4 Nh4+ 33. Kf1
Bf3 34. Bc8 Re7 35. Rc3 g5 36. gxh4 Rxf4 37. Nf5 Rh7 38. Re3 Bh5 39. hxg5 hxg5
40. Be6+ Kf8 41. Rd3 Ke8 42. Nd6+ Kf8 43. Nc8 Kg7 44. Rd7+ Kh6 45. Ne7 Bg6 46.
h3 Rg7 47. Rxb7 a6 48. Bb3 Re4 49. Ng8+ Kh7 50. Rb8 Rf4 51. Kg1 a5 52. a3 a4
53. Ba2 c5 54. Rc8 c4 55. Bxc4 Bf7 56. Bd3+ Bg6 57. Bc4 Bf7 58. Bd3+ Bg6 59.
Bc4 Bf7 1/2-1/2

[Event "19. Obert Int. Sant Marti 2017 - B"]
[Site "Barcelona ESP"]
[Date "2017.07.20"]
[Round "8.36"]
[White "Pascual Gonzalez-Novelles, Carles"]
[Black "Gomez Parla, Josep"]
[Result "1-0"]
[WhiteElo "1683"]
[BlackElo "1808"]
[PlyCount "91"]
[EventDate "2017.07.13"]
[EventType "swiss"]
[EventRounds "9"]
[EventCountry "ESP"]
[SourceTitle "Ajedrez en Madrid"]
[Source "lmi"]
[SourceDate "2017.07.13"]
[SourceVersion "1"]
[SourceVersionDate "2019.06.21"]
[SourceQuality "1"]

1. e4 d6 2. d4 Nf6 3. Bd3 Nc6 4. c3 g6 5. f4 Bg4 6. Qa4 Bd7 7. Qb3 Bg7 8. Nf3
O-O 9. O-O Re8 10. e5 dxe5 11. fxe5 Ng4 12. Ng5 e6 13. Nxf7 Qh4 14. h3 Rf8 15.
hxg4 Rxf7 16. Rxf7 Kxf7 17. Qd1 Rf8 18. Qe2 Ne7 19. Nd2 Kg8 20. Ne4 h6 21. Be3
Nd5 22. Bf2 Qe7 23. Bg3 Nf4 24. Bxf4 Rxf4 25. g3 Rf8 26. Nd2 Be8 27. Be4 c6 28.
Rf1 Rxf1+ 29. Qxf1 Qf7 30. Qf4 g5 31. Qe3 Bf8 32. a3 b6 33. c4 Bd7 34. Qd3 Kg7
35. b4 Be7 36. Nb3 Bf8 37. c5 b5 38. Na5 Qe8 39. Qf3 Be7 40. Bxc6 Bd8 41. Bxd7
Qxd7 42. Qb7 Qc7 43. Kf2 Kg6 44. Kf3 Qf7+ 45. Qxf7+ Kxf7 46. Nc6 1-0

[Event "19. Obert Int. Sant Marti 2017 - B"]
[Site "Barcelona ESP"]
[Date "2017.07.20"]
[Round "8.37"]
[White "Corominas Garrido, Antonio"]
[Black "Gonzalez Canovas, Sebastia"]
[Result "1-0"]
[WhiteElo "1803"]
[BlackElo "1657"]
[PlyCount "121"]
[EventDate "2017.07.13"]
[EventType "swiss"]
[EventRounds "9"]
[EventCountry "ESP"]
[SourceTitle "Ajedrez en Madrid"]
[Source "lmi"]
[SourceDate "2017.07.13"]
[SourceVersion "1"]
[SourceVersionDate "2019.06.21"]
[SourceQuality "1"]

1. c4 e5 2. Nc3 Nc6 3. g3 Bb4 4. Bg2 Bxc3 5. bxc3 d6 6. d3 f5 7. Rb1 Nf6 8. Nf3
O-O 9. O-O Qe8 10. Ne1 b6 11. Nc2 Rb8 12. Nb4 Bb7 13. Bg5 Nxb4 14. cxb4 Bxg2
15. Kxg2 h6 16. Bxf6 Rxf6 17. b5 a6 18. bxa6 Ra8 19. Qb3 Qc6+ 20. f3 Rxa6 21.
c5+ Kh8 22. cxd6 Qxd6 23. Qc4 Ra7 24. Rfc1 c5 25. Rc2 Qc6 26. Rb5 Rd6 27. Rcb2
Rb7 28. Qb3 e4 29. a4 exf3+ 30. exf3 Qd7 31. Rd2 Qe6 32. Qxe6 Rxe6 33. Rdb2 Rd7
34. Rxb6 Rxb6 35. Rxb6 Rxd3 36. Rc6 Rc3 37. a5 Kh7 38. a6 Ra3 39. Rxc5 Rxa6 40.
Rxf5 Kg6 41. g4 h5 42. Rxh5 Ra2+ 43. Kg3 Ra1 44. h4 Ra3 45. Rf5 Ra4 46. h5+ Kh6
47. Rb5 Ra1 48. Rb6+ Kh7 49. f4 Rg1+ 50. Kh4 Rh1+ 51. Kg5 Ra1 52. f5 Ra5 53. h6
gxh6+ 54. Rxh6+ Kg7 55. Rb6 Ra4 56. Rb7+ Kg8 57. Kh5 Rf4 58. Kg5 Ra4 59. f6 Rc4
60. Kf5 Ra4 61. g5 1-0

[Event "19. Obert Int. Sant Marti 2017 - B"]
[Site "Barcelona ESP"]
[Date "2017.07.20"]
[Round "8.38"]
[White "Tortosa Moros, Joan"]
[Black "Barrot Farre, Salvador"]
[Result "1-0"]
[WhiteElo "1672"]
[BlackElo "1771"]
[PlyCount "31"]
[EventDate "2017.07.13"]
[EventType "swiss"]
[EventRounds "9"]
[EventCountry "ESP"]
[SourceTitle "Ajedrez en Madrid"]
[Source "lmi"]
[SourceDate "2017.07.13"]
[SourceVersion "1"]
[SourceVersionDate "2019.06.21"]
[SourceQuality "1"]

1. e4 c5 2. Nf3 d6 3. Bb5+ Bd7 4. Bxd7+ Nxd7 5. O-O Ngf6 6. Re1 Qc7 7. Nc3 a6
8. d4 cxd4 9. Nxd4 e6 10. Be3 Ne5 11. Bg5 h6 12. Bxf6 gxf6 13. Qh5 Rg8 14. Nxe6
Qe7 15. Nd5 Rg5 16. Nxg5 1-0

[Event "19. Obert Int. Sant Marti 2017 - B"]
[Site "Barcelona ESP"]
[Date "2017.07.20"]
[Round "8.39"]
[White "Febrero Perez, Lluis"]
[Black "Munoz Lozano, Jorge Manuel"]
[Result "1-0"]
[WhiteElo "1488"]
[BlackElo "1759"]
[PlyCount "75"]
[EventDate "2017.07.13"]
[EventType "swiss"]
[EventRounds "9"]
[EventCountry "ESP"]
[SourceTitle "Ajedrez en Madrid"]
[Source "lmi"]
[SourceDate "2017.07.13"]
[SourceVersion "1"]
[SourceVersionDate "2019.06.21"]
[SourceQuality "1"]

1. e4 g6 2. d4 Bg7 3. c3 d5 4. exd5 Qxd5 5. Nf3 Nf6 6. Be3 O-O 7. Na3 Bg4 8.
Bc4 Bxf3 9. gxf3 Qd8 10. Qb3 Nbd7 11. O-O-O c6 12. Qxb7 Qa5 13. Qa6 Qc7 14. Bb3
Rab8 15. Qd3 Nb6 16. h4 h5 17. Qxg6 Nbd5 18. Qg5 Kh8 19. Rhg1 Rg8 20. Qe5 Qa5
21. Bd2 Qa6 22. Nc2 Rxb3 23. axb3 Qa2 24. c4 Qxb3 25. cxd5 cxd5 26. Qe3 Qa2 27.
Qa3 Qc4 28. Qxe7 Rc8 29. Bc3 Re8 30. Qb4 Qe2 31. Rge1 Qxf2 32. Rxe8+ Nxe8 33.
Be1 Qe2 34. Qd2 Qxf3 35. Qe3 Qxe3+ 36. Nxe3 Bh6 37. Bd2 Nd6 38. Nxd5 1-0

[Event "19. Obert Int. Sant Marti 2017 - B"]
[Site "Barcelona ESP"]
[Date "2017.07.20"]
[Round "8.40"]
[White "Moreno Oller, Victor"]
[Black "Jimenez Molina, Victor"]
[Result "1-0"]
[WhiteElo "1730"]
[BlackElo "1646"]
[PlyCount "45"]
[EventDate "2017.07.13"]
[EventType "swiss"]
[EventRounds "9"]
[EventCountry "ESP"]
[SourceTitle "Ajedrez en Madrid"]
[Source "lmi"]
[SourceDate "2017.07.13"]
[SourceVersion "1"]
[SourceVersionDate "2019.06.21"]
[SourceQuality "1"]

1. d4 Nf6 2. c4 c5 3. d5 e6 4. Nc3 exd5 5. cxd5 d6 6. e4 g6 7. f4 Qe7 8. Bd3
Bg7 9. Nf3 c4 10. Qa4+ Bd7 11. Qxc4 Na6 12. Bb1 Rc8 13. Qe2 Rxc3 14. bxc3 Nxd5
15. Bb2 Nxc3 16. Qd2 Nxe4 17. Bxe4 Bxb2 18. Qxb2 O-O 19. Qe2 d5 20. Bxd5 Qb4+
21. Qd2 Re8+ 22. Ne5 Qb6 23. Bxf7+ 1-0

[Event "19. Obert Int. Sant Marti 2017 - B"]
[Site "Barcelona ESP"]
[Date "2017.07.20"]
[Round "8.41"]
[White "Alcala Gonzalez, Cesar"]
[Black "Elizondo Marquet, Juan Marcos"]
[Result "1-0"]
[WhiteElo "1557"]
[BlackElo "1887"]
[PlyCount "67"]
[EventDate "2017.07.13"]
[EventType "swiss"]
[EventRounds "9"]
[EventCountry "ESP"]
[SourceTitle "Ajedrez en Madrid"]
[Source "lmi"]
[SourceDate "2017.07.13"]
[SourceVersion "1"]
[SourceVersionDate "2019.06.21"]
[SourceQuality "1"]

1. d4 d5 2. c4 dxc4 3. e3 e5 4. Bxc4 exd4 5. exd4 Nf6 6. Nf3 Bb4+ 7. Bd2 Bxd2+
8. Qxd2 O-O 9. O-O Nbd7 10. Nc3 Nb6 11. Bb3 c6 12. Rad1 Bg4 13. Qd3 Re8 14. Ne5
Bh5 15. h3 Nbd5 16. g4 Bg6 17. Nxg6 hxg6 18. Rde1 Qd7 19. Qd2 Rad8 20. f4 Nc7
21. Rxe8+ Rxe8 22. f5 gxf5 23. Rxf5 Ncd5 24. Qg5 Nh7 25. Qd2 Qd6 26. Qf2 Nhf6
27. g5 Ne4 28. Nxe4 Rxe4 29. Rxf7 Qe6 30. Rf8+ Kh7 31. Bc2 Qg6 32. Rf5 Nf6 33.
Bxe4 Nxe4 34. Qh4+ 1-0

[Event "19. Obert Int. Sant Marti 2017 - B"]
[Site "Barcelona ESP"]
[Date "2017.07.20"]
[Round "8.42"]
[White "Costa Trave, Jaume"]
[Black "Valbuena Castro, Gregorio"]
[Result "1-0"]
[WhiteElo "1922"]
[BlackElo "1682"]
[PlyCount "91"]
[EventDate "2017.07.13"]
[EventType "swiss"]
[EventRounds "9"]
[EventCountry "ESP"]
[SourceTitle "Ajedrez en Madrid"]
[Source "lmi"]
[SourceDate "2017.07.13"]
[SourceVersion "1"]
[SourceVersionDate "2019.06.21"]
[SourceQuality "1"]

1. f4 d5 2. Nf3 Nf6 3. e3 Bf5 4. b3 c5 5. Bb2 e6 6. Ne5 Nbd7 7. Be2 Bd6 8. O-O
O-O 9. d3 h6 10. Nd2 Bxe5 11. fxe5 Nh7 12. Nf3 Ng5 13. d4 Nxf3+ 14. Rxf3 Qh4
15. c4 Be4 16. Rg3 f5 17. exf6 Qxf6 18. Bf3 Bxf3 19. Rxf3 Qh4 20. Rg3 cxd4 21.
cxd5 exd5 22. Bxd4 Nf6 23. Qf3 Rf7 24. Rh3 Qg4 25. Rd1 Qxf3 26. gxf3 Rd8 27.
Rd2 Kh7 28. Bxa7 Re7 29. Bd4 Rc8 30. Rg3 Nh5 31. Rg4 Rc1+ 32. Kg2 Rec7 33. Bb2
R1c2 34. Rgd4 Nf6 35. Kg3 Kg6 36. a4 Kg5 37. h4+ Kf5 38. Rf4+ Ke6 39. Rxc2 Rxc2
40. Bxf6 gxf6 41. Rb4 Rc7 42. Kf4 Kf7 43. Kf5 Re7 44. e4 Re5+ 45. Kg4 h5+ 46.
Kf4 1-0

[Event "19. Obert Int. Sant Marti 2017 - B"]
[Site "Barcelona ESP"]
[Date "2017.07.20"]
[Round "8.43"]
[White "Bouzas Arcos, Juan Manuel"]
[Black "Mas Sayos, Lluis"]
[Result "0-1"]
[WhiteElo "1771"]
[BlackElo "1668"]
[PlyCount "96"]
[EventDate "2017.07.13"]
[EventType "swiss"]
[EventRounds "9"]
[EventCountry "ESP"]
[SourceTitle "Ajedrez en Madrid"]
[Source "lmi"]
[SourceDate "2017.07.13"]
[SourceVersion "1"]
[SourceVersionDate "2019.06.21"]
[SourceQuality "1"]

1. e4 c5 2. Nf3 Nc6 3. d4 cxd4 4. Nxd4 Nf6 5. Nc3 e6 6. Nb3 d6 7. Be3 Be7 8.
Be2 O-O 9. Qd2 a6 10. a4 b6 11. O-O Bb7 12. f4 Qc7 13. Bf3 Rac8 14. Qf2 Nd7 15.
Rad1 Rfd8 16. Kh1 Nc5 17. Nd2 Nb4 18. Ndb1 Bc6 19. b3 Qb7 20. Rd4 a5 21. Rfd1
Bf6 22. e5 dxe5 23. Rxd8+ Rxd8 24. Rxd8+ Bxd8 25. Bxc6 Qxc6 26. fxe5 Ne4 27.
Nxe4 Qxe4 28. Na3 Qxe5 29. Bd4 Qg5 30. Be3 Qg4 31. Qd2 Qh4 32. Nc4 Nd5 33. Bf2
Qf6 34. Qe1 Bc7 35. Bh4 g5 36. Bf2 h5 37. Nd2 h4 38. h3 Qf4 39. Nf3 e5 40. Bg1
f6 41. Bh2 Qf5 42. Qd2 e4 43. Bxc7 exf3 44. Bxb6 Nxb6 45. Qd8+ Kf7 46. Qxb6 f2
47. Qb7+ Kg6 48. Qf3 Qxf3 0-1

[Event "19. Obert Int. Sant Marti 2017 - B"]
[Site "Barcelona ESP"]
[Date "2017.07.20"]
[Round "8.44"]
[White "Sanchez Paz, Josep"]
[Black "Serra Vilaro, Agustin"]
[Result "1-0"]
[WhiteElo "1657"]
[BlackElo "1770"]
[PlyCount "65"]
[EventDate "2017.07.13"]
[EventType "swiss"]
[EventRounds "9"]
[EventCountry "ESP"]
[SourceTitle "Ajedrez en Madrid"]
[Source "lmi"]
[SourceDate "2017.07.13"]
[SourceVersion "1"]
[SourceVersionDate "2019.06.21"]
[SourceQuality "1"]

1. d4 e6 2. c4 f5 3. Nc3 Nf6 4. Bg5 c6 5. e4 Be7 6. Bxf6 Bxf6 7. e5 Be7 8. Qh5+
g6 9. Qh6 Bf8 10. Qe3 Na6 11. h4 h5 12. Qg3 Kf7 13. Rd1 d5 14. f4 Bh6 15. Nf3
dxc4 16. Bxc4 Nb4 17. O-O Nd5 18. Ne1 Bd7 19. Nc2 Qa5 20. Nxd5 cxd5 21. b4 Qc7
22. Bb3 Rhc8 23. Ne3 Qc3 24. Qf2 Qxb4 25. Nxd5 exd5 26. Bxd5+ Kg7 27. Rb1 Qa5
28. Bxb7 Rab8 29. Bxc8 Rxc8 30. Qb2 Qd5 31. Qb7 Qxd4+ 32. Kh1 Rc2 33. e6 1-0

[Event "19. Obert Int. Sant Marti 2017 - B"]
[Site "Barcelona ESP"]
[Date "2017.07.20"]
[Round "8.45"]
[White "Volart Buil, Jordi"]
[Black "Serentill Tost, Eduard"]
[Result "0-1"]
[WhiteElo "1754"]
[BlackElo "1639"]
[PlyCount "63"]
[EventDate "2017.07.13"]
[EventType "swiss"]
[EventRounds "9"]
[EventCountry "ESP"]
[SourceTitle "Ajedrez en Madrid"]
[Source "lmi"]
[SourceDate "2017.07.13"]
[SourceVersion "1"]
[SourceVersionDate "2019.06.21"]
[SourceQuality "1"]

1. d4 Nf6 2. c4 g6 3. Nc3 Bg7 4. f3 O-O 5. e4 d6 6. Be3 Nc6 7. a3 e5 8. d5 Ne7
9. Qd2 Nd7 10. g4 f5 11. gxf5 gxf5 12. exf5 Nxf5 13. Ne4 Nxe3 14. Qxe3 Qh4+ 15.
Qf2 Qxf2+ 16. Kxf2 Nb6 17. b3 Bf5 18. Bd3 c6 19. dxc6 bxc6 20. Rd1 d5 21. cxd5
cxd5 22. Ng3 Bxd3 23. Rxd3 e4 24. Rd2 e3+ 25. Kxe3 Bh6+ 26. Kd3 Bxd2 27. Kxd2
Rae8 28. N1e2 Rxf3 29. Nd4 Rf2+ 30. Nge2 Kh8 31. h4 Nd7 32. Rh3 0-1

[Event "19. Obert Int. Sant Marti 2017 - B"]
[Site "Barcelona ESP"]
[Date "2017.07.20"]
[Round "8.46"]
[White "Gabrielsen, Rasmus Arvola"]
[Black "Mercader Rubio, Luis"]
[Result "1-0"]
[WhiteElo "1599"]
[BlackElo "1747"]
[PlyCount "67"]
[EventDate "2017.07.13"]
[EventType "swiss"]
[EventRounds "9"]
[EventCountry "ESP"]
[SourceTitle "Ajedrez en Madrid"]
[Source "lmi"]
[SourceDate "2017.07.13"]
[SourceVersion "1"]
[SourceVersionDate "2019.06.21"]
[SourceQuality "1"]

1. e4 c5 2. Nf3 Nc6 3. d4 cxd4 4. Nxd4 g6 5. Nc3 Bg7 6. Nb3 d6 7. Be3 Nf6 8. f3
a6 9. Qd2 O-O 10. Be2 Bd7 11. O-O-O b5 12. g4 Na5 13. h4 Nc4 14. Bxc4 bxc4 15.
Na1 Qa5 16. h5 Rfb8 17. Bd4 e5 18. Be3 Qb4 19. b3 cxb3 20. axb3 Qa3+ 21. Kb1
Rc8 22. Nd5 Nxd5 23. Qxd5 Be6 24. Qxd6 Qa5 25. hxg6 hxg6 26. Qd2 Qc7 27. Qh2
Rd8 28. Rxd8+ Qxd8 29. Qh7+ Kf8 30. Bc5+ Ke8 31. Qg8+ Kd7 32. Rd1+ Kc7 33. Rxd8
Rxd8 34. Bb6+ 1-0

[Event "19. Obert Int. Sant Marti 2017 - B"]
[Site "Barcelona ESP"]
[Date "2017.07.20"]
[Round "8.47"]
[White "Riera Mestres, Josep"]
[Black "Valero Recalde, Pablo"]
[Result "1-0"]
[WhiteElo "1579"]
[BlackElo "1730"]
[PlyCount "53"]
[EventDate "2017.07.13"]
[EventType "swiss"]
[EventRounds "9"]
[EventCountry "ESP"]
[SourceTitle "Ajedrez en Madrid"]
[Source "lmi"]
[SourceDate "2017.07.13"]
[SourceVersion "1"]
[SourceVersionDate "2019.06.21"]
[SourceQuality "1"]

1. d4 d5 2. Bf4 Nf6 3. e3 c5 4. c3 Nc6 5. Nd2 e6 6. Ngf3 cxd4 7. exd4 Nh5 8.
Be3 Bd6 9. Bd3 Nf4 10. Bf1 O-O 11. Qc2 Bd7 12. h4 Nh5 13. Bd3 f5 14. Nf1 Nf4
15. Bxf4 Bxf4 16. g3 Bd6 17. Qe2 Qa5 18. N1d2 e5 19. Nb3 Qc7 20. O-O-O e4 21.
Ng5 exd3 22. Qh5 h6 23. Qg6 hxg5 24. hxg5 Be8 25. Qh7+ Kf7 26. Rde1 Rg8 27.
Qxf5# 1-0

[Event "19. Obert Int. Sant Marti 2017 - B"]
[Site "Barcelona ESP"]
[Date "2017.07.20"]
[Round "8.48"]
[White "Torres Julian, Marc"]
[Black "Kyrkjebo, Eirik"]
[Result "0-1"]
[WhiteElo "1723"]
[BlackElo "1611"]
[PlyCount "62"]
[EventDate "2017.07.13"]
[EventType "swiss"]
[EventRounds "9"]
[EventCountry "ESP"]
[SourceTitle "Ajedrez en Madrid"]
[Source "lmi"]
[SourceDate "2017.07.13"]
[SourceVersion "1"]
[SourceVersionDate "2019.06.21"]
[SourceQuality "1"]

1. e4 e5 2. Nf3 Nc6 3. Bb5 a6 4. Ba4 Nf6 5. O-O b5 6. Bb3 Bc5 7. Nxe5 Nxe5 8.
d4 Bxd4 9. Qxd4 d6 10. Bg5 c5 11. Bxf6 gxf6 12. Qc3 c4 13. f4 Qb6+ 14. Kh1 Ng4
15. Qf3 cxb3 16. axb3 Rg8 17. h3 Ne3 18. Rf2 Kf8 19. Re2 Ng4 20. hxg4 Bxg4 21.
Qd3 Bxe2 22. Qxe2 Rg6 23. g4 Rh6+ 24. Kg2 Re8 25. Nc3 b4 26. Nd5 Qd4 27. Re1
Rg6 28. Kf3 Rh6 29. Kg2 f5 30. gxf5 Qg7+ 31. Kf3 Rh3+ 0-1

[Event "19. Obert Int. Sant Marti 2017 - B"]
[Site "Barcelona ESP"]
[Date "2017.07.20"]
[Round "8.50"]
[White "Catala Ulied, Guillem"]
[Black "Sagar, Siya"]
[Result "1-0"]
[WhiteElo "1693"]
[BlackElo "1608"]
[PlyCount "67"]
[EventDate "2017.07.13"]
[EventType "swiss"]
[EventRounds "9"]
[EventCountry "ESP"]
[SourceTitle "Ajedrez en Madrid"]
[Source "lmi"]
[SourceDate "2017.07.13"]
[SourceVersion "1"]
[SourceVersionDate "2019.06.21"]
[SourceQuality "1"]

1. e4 e5 2. Nc3 Nf6 3. f4 Nc6 4. fxe5 Nxe5 5. d4 Nc6 6. e5 Ng8 7. Nf3 Bb4 8.
Bc4 h6 9. O-O Bxc3 10. bxc3 Qe7 11. a4 Qf8 12. Ba3 Nge7 13. Nh4 Kd8 14. Bxf7 g5
15. Ng6 Qg7 16. Nxh8 Qxh8 17. Qf3 b6 18. Bh5 d6 19. Qf8+ Qxf8 20. Rxf8+ Kd7 21.
Bg4+ Nf5 22. Bxf5+ Ke7 23. Rxc8 Rxc8 24. Bxc8 Kd8 25. Ba6 dxe5 26. Bb5 Nb8 27.
dxe5 c6 28. e6 cxb5 29. e7+ Ke8 30. Rf1 b4 31. Bxb4 Nc6 32. Rf8+ Kd7 33. e8=Q+
Kc7 34. Qc8# 1-0

[Event "19. Obert Int. Sant Marti 2017 - B"]
[Site "Barcelona ESP"]
[Date "2017.07.20"]
[Round "8.51"]
[White "Mahi, Amit Doshi"]
[Black "Romero Funieles, Rafael"]
[Result "1/2-1/2"]
[WhiteElo "1268"]
[BlackElo "1683"]
[PlyCount "107"]
[EventDate "2017.07.13"]
[EventType "swiss"]
[EventRounds "9"]
[EventCountry "ESP"]
[SourceTitle "Ajedrez en Madrid"]
[Source "lmi"]
[SourceDate "2017.07.13"]
[SourceVersion "1"]
[SourceVersionDate "2019.06.21"]
[SourceQuality "1"]

1. d4 e6 2. c4 Be7 3. Nc3 c6 4. Nf3 Nf6 5. e4 d6 6. Bg5 h6 7. Bf4 a6 8. Bd3
Nfd7 9. O-O b5 10. cxb5 cxb5 11. Rc1 Bb7 12. Qc2 Nc6 13. a4 e5 14. dxe5 dxe5
15. Be3 Nb4 16. Qe2 Nxd3 17. Qxd3 bxa4 18. Nxa4 O-O 19. Rfd1 Nf6 20. Nxe5 Bxe4
21. Qxd8 Rfxd8 22. f3 Rxd1+ 23. Rxd1 Bc2 24. Rd4 Bb3 25. Nd3 Nd5 26. Bf4 Bf6
27. Be5 Be7 28. Nac5 Ba2 29. b3 Nc3 30. Rd7 Bxc5+ 31. Nxc5 Nb5 32. Kf2 Rc8 33.
Nxa6 Bxb3 34. Rb7 Bc4 35. Rb8 Rxb8 36. Nxb8 f6 37. Bg3 Nc3 38. Nc6 Kf7 39. Nd4
g6 40. Bf4 h5 41. Bd2 Nd1+ 42. Ke1 Nb2 43. Bc3 Nd3+ 44. Kf1 Nf4+ 45. Kf2 g5 46.
Bd2 Nd3+ 47. Ke3 Kg6 48. g3 Ba6 49. f4 Nb2 50. fxg5 Nc4+ 51. Ke2 fxg5 52. Ke1
Ne5 53. h4 gxh4 54. gxh4 1/2-1/2

[Event "19. Obert Int. Sant Marti 2017 - B"]
[Site "Barcelona ESP"]
[Date "2017.07.20"]
[Round "8.52"]
[White "Flemming, Klaus"]
[Black "Rodriguez Monago, Juan Antonio"]
[Result "0-1"]
[WhiteElo "1766"]
[BlackElo "1468"]
[PlyCount "36"]
[EventDate "2017.07.13"]
[EventType "swiss"]
[EventRounds "9"]
[EventCountry "ESP"]
[SourceTitle "Ajedrez en Madrid"]
[Source "lmi"]
[SourceDate "2017.07.13"]
[SourceVersion "1"]
[SourceVersionDate "2019.06.21"]
[SourceQuality "1"]

1. Nf3 Nf6 2. c4 b6 3. d4 d5 4. cxd5 Qxd5 5. g3 Bb7 6. Bg2 Qd8 7. O-O e6 8. b3
Be7 9. Bb2 O-O 10. Nc3 Nbd7 11. Rc1 Rc8 12. Qd2 c5 13. Rfd1 cxd4 14. Qxd4 Nc5
15. Qf4 Qe8 16. b4 Na4 17. Ba1 Nxc3 18. Bxc3 Nd5 0-1

[Event "19. Obert Int. Sant Marti 2017 - B"]
[Site "Barcelona ESP"]
[Date "2017.07.20"]
[Round "8.54"]
[White "Subirana Santos, Marc"]
[Black "Bermejo Cuadra, Roberto"]
[Result "1-0"]
[WhiteElo "1679"]
[BlackElo "1312"]
[PlyCount "73"]
[EventDate "2017.07.13"]
[EventType "swiss"]
[EventRounds "9"]
[EventCountry "ESP"]
[SourceTitle "Ajedrez en Madrid"]
[Source "lmi"]
[SourceDate "2017.07.13"]
[SourceVersion "1"]
[SourceVersionDate "2019.06.21"]
[SourceQuality "1"]

1. e4 e5 2. Nf3 Nc6 3. Bb5 a6 4. Ba4 d6 5. O-O Bg4 6. h3 Bxf3 7. Qxf3 Qf6 8.
Qe2 h6 9. c3 g6 10. d3 Nge7 11. Nd2 b5 12. Bc2 b4 13. Nf3 d5 14. Ba4 bxc3 15.
bxc3 Nc8 16. exd5 N8a7 17. dxc6 Bd6 18. d4 e4 19. Qxe4+ Kf8 20. Ne5 Re8 21.
Nd7+ Kg7 22. Nxf6 Rxe4 23. Nxe4 Re8 24. Nxd6 cxd6 25. Be3 Nc8 26. d5 g5 27.
Bd4+ f6 28. Rfe1 Rf8 29. Re6 h5 30. Rb1 Rf7 31. Rb8 Ne7 32. Rxd6 Nf5 33. Rdd8
Ne7 34. Rb7 g4 35. Rdd7 Kf8 36. Bc5 Kg8 37. Rxe7 1-0

[Event "19. Obert Int. Sant Marti 2017 - B"]
[Site "Barcelona ESP"]
[Date "2017.07.20"]
[Round "8.55"]
[White "Martinez Navarro, Miquel"]
[Black "Martin Arranz, Lluis"]
[Result "1-0"]
[WhiteElo "1547"]
[BlackElo "1669"]
[PlyCount "85"]
[EventDate "2017.07.13"]
[EventType "swiss"]
[EventRounds "9"]
[EventCountry "ESP"]
[SourceTitle "Ajedrez en Madrid"]
[Source "lmi"]
[SourceDate "2017.07.13"]
[SourceVersion "1"]
[SourceVersionDate "2019.06.21"]
[SourceQuality "1"]

1. e4 e6 2. Nf3 d5 3. exd5 exd5 4. b3 Nf6 5. Bb2 Be7 6. Nc3 Bg4 7. h3 Bh5 8. g4
Bg6 9. Ne5 O-O 10. Bg2 c6 11. Qe2 d4 12. Nxg6 hxg6 13. Ne4 Nd5 14. Qc4 Nf4 15.
Bf3 Ne6 16. O-O-O Na6 17. c3 Rc8 18. cxd4 b5 19. Qc3 Nb4 20. Kb1 Nd5 21. Qd3
Qa5 22. Bc3 Bb4 23. Rc1 Nef4 24. Qc2 Qc7 25. Kb2 a5 26. Nc5 Qa7 27. Nd3 Nxd3+
28. Qxd3 a4 29. Bxd5 Bxc3+ 30. dxc3 a3+ 31. Kb1 cxd5 32. Qxb5 Rb8 33. Qxd5 Qa6
34. Qf3 Rb6 35. Rhe1 Rfb8 36. c4 Qa4 37. Rc3 Rf6 38. Qg3 Qa7 39. Rd3 Qa5 40.
Rde3 g5 41. Re8+ Kh7 42. h4 Qd2 43. R8e2 1-0

[Event "19. Obert Int. Sant Marti 2017 - B"]
[Site "Barcelona ESP"]
[Date "2017.07.20"]
[Round "8.56"]
[White "Pascual Duran, Pau"]
[Black "Zubimendi Felip, Ricard"]
[Result "0-1"]
[WhiteElo "1491"]
[BlackElo "1625"]
[PlyCount "58"]
[EventDate "2017.07.13"]
[EventType "swiss"]
[EventRounds "9"]
[EventCountry "ESP"]
[SourceTitle "Ajedrez en Madrid"]
[Source "lmi"]
[SourceDate "2017.07.13"]
[SourceVersion "1"]
[SourceVersionDate "2019.06.21"]
[SourceQuality "1"]

1. e4 c5 2. Nc3 Nc6 3. f4 d6 4. Nf3 g6 5. Bc4 Bg7 6. O-O e6 7. d3 Nge7 8. Qe1
Na5 9. Bb3 Nec6 10. f5 Nxb3 11. axb3 O-O 12. Ng5 exf5 13. Nd5 h6 14. Nh3 fxe4
15. Nhf4 exd3 16. Nxd3 Nd4 17. Qd1 h5 18. c3 Bg4 19. Qe1 Nc2 20. Qf2 Nxa1 21.
Bf4 Nxb3 22. Qg3 Be6 23. c4 h4 24. Qe3 Re8 25. Bg5 Bxd5 26. Qf4 Qd7 27. cxd5 h3
28. Bf6 Nd4 29. Rf2 Ne2+ 0-1